Principles of crop improvement (Record no. 41664)
[ view plain ]
| 000 -LEADER | |
|---|---|
| fixed length control field | 00451nam a2200169Ia 4500 |
| 082 ## - DEWEY DECIMAL CLASSIFICATION NUMBER | |
| Classification number | 575:631.52 |
| Item number | SIM |
| 100 ## - MAIN ENTRY--AUTHOR NAME | |
| Personal name | Simmonds, N W |
| 245 #0 - TITLE STATEMENT | |
| Title | Principles of crop improvement |
| 250 ## - EDITION STATEMENT | |
| Edition statement | 2 |
| 260 ## - PUBLICATION, DISTRIBUTION, ETC. (IMPRINT) | |
| Place of publication | Oxford |
| Name of publisher | Blackwell Science |
| Year of publication | 1999 |
| 650 ## - SUBJECT ADDED ENTRY--TOPICAL TERM | |
| Topical Term | Breeding techniques |
| 650 ## - SUBJECT ADDED ENTRY--TOPICAL TERM | |
| Topical Term | Genetic conservation |
| 650 ## - SUBJECT ADDED ENTRY--TOPICAL TERM | |
| Topical Term | Genogype-environment interactions |
| 700 ## - ADDED ENTRY--PERSONAL NAME | |
| Personal name | Smart, J |
| 942 ## - ADDED ENTRY ELEMENTS (KOHA) | |
| Koha item type | Books |
| Withdrawn status | Lost status | Damaged status | Not for loan | Home library | Current library | Date acquired | Cost, normal purchase price | Full call number | Accession Number | Koha item type |
|---|---|---|---|---|---|---|---|---|---|---|
| RRII Library | RRII Library | 16/12/2021 | 59.50 | 575:631.52 SIM | 21950 | Books |